MARC

LEADER 00000nam2a2200000 4500
001 669941
005 20231213140757.0
090 |a 669941 
100 |a 20091116d1976 k||y0rusy50 ca 
101 0 |a rus 
102 |a RU 
105 |a a z 101zy 
181 0 |a i   |b  e  
182 0 |a n 
183 0 |a nc  |2 RDAcarrier 
200 0 |a Вып. 6  |e Материалы 25-го совещания, Москва 1976 г. 
203 |a Текст  |b визуальный  |c непосредственный 
210 |d 1976 
215 |a 320 с.  |c ил. 
283 |a volume 
320 |a Библиогр. в конце докл. 
461 1 |0 250812  |t Прикладная ядерная спектроскопия  |o сборник статей  |v Вып. 6  |d 1970-1984  |9 250812  |c Москва  |n Атомиздат 
606 1 |a Спектроскопия ядерная  |2 stltpush  |3 (RuTPU)RU\TPU\subj\55817  |9 73775 
610 1 |a атомное ядро 
610 1 |a сборники 
610 1 |a источники излучений 
610 1 |a народное хозяйство 
610 1 |a полупроводниковые детекторы 
610 1 |a спектрометрические установки 
610 1 |a использование 
675 |a 539.143.43(063)  |v 3  |z rus 
801 1 |a RU  |b 63413507  |c 20231208 
850 |a 63413507 
942 |c CR